| 000 | 00807nam a2200229Ia 4500 | ||
|---|---|---|---|
| 999 |
_c4384 _d4384 |
||
| 003 | OSt | ||
| 005 | 20200326164254.0 | ||
| 008 | 191128q1990 ck gr 000 0 spa d | ||
| 040 |
_aCO-JMCR _cCO-JMCR |
||
| 041 | 0 | _aspa | |
| 082 | 0 | 4 |
_a320.1 / _bM297m1 _221 |
| 100 | 1 |
_aMaquiavelo, Nicolás, _eautor _91983 |
|
| 245 | 1 | 3 |
_aEl príncipe y otros escritos / _bMaquiavelo ; prólogo Esteban Molist Pol |
| 260 |
_aBogotá : _bUniversales, _c[199?] |
||
| 300 |
_a193 páginas ; _c17 cm. |
||
| 505 | 0 | _aEl príncipe -- Discursos sobre las décadas de Tito Livio -- El arte de la guerra y máximas sobre esta | |
| 650 | 1 | 4 |
_aCiencia política _xética _91984 |
| 650 | 1 | 4 |
_aPoder _xpolítica _91985 |
| 650 | 2 | 4 |
_aCiencias sociales _91986 |
| 700 | 1 |
_aMolist Pol, Esteban, _epróloguista _91987 |
|
| 942 |
_2ddc _cBK |
||